Regionálny aspekt príjmovej chudoby v podmienkach SR bakalárska práca

Gespeichert in:
Bibliographische Detailangaben
1. Verfasser: Remeňová, Nikola
Körperschaft: Národohospodárska fakulta EU. Katedra hospodárskej politiky
Weitere Verfasser: Kopkáš, Peter
Format: Buch
Sprache:Slowakisch
Veröffentlicht: Bratislava 2019
Tags: Tag hinzufügen
Keine Tags, Fügen Sie das erste Tag hinzu!

MARC

LEADER 00000nbm a2200000 4500
001 0257807
005 20240919091225.0
041 0 |a slo 
044 |a SK 
245 1 0 |a Regionálny aspekt príjmovej chudoby v podmienkach SR  |b bakalárska práca  |c Nikola Remeňová ; školiteľ: Peter Kopkáš 
264 1 |a Bratislava  |c 2019 
300 |a 43 s. 
100 1 |a Remeňová, Nikola 
700 1 |a Kopkáš, Peter 
710 2 |a Národohospodárska fakulta EU. Katedra hospodárskej politiky